=LDR 00000nam 2200000 4500 =001 000818 =005 20250711115833 =035 ##$$a 0010-0725000688 =007 ta =008 250711################a##########0#ind## =020 ##$$a 978-602-244-274-5 =082 ##$$a 398.209 598 =084 ##$$a 398.209 598 DUT b =100 #$$a dutei fuji wijayanti =245 1#$$a Biji semangka ajaib /$c futri fuji wijayanti =250 ##$$a pertama =260 ##$$a jakarta :$b pusat perbukuan,$c 2019 =300 ##$$a 32 hlm. : $b ilus. ; $c 17.5x22,9cm =700 #$$a dewi tri kusuma handayani =990 ##$$a TBM202400819